00318nam a2200109 a 450000500170000000800410001705000210005824500250007926000360010444000290014050000390016920140513081057.0070905s19uu xx 00 eng d aVCDbFly648 1982 aThe Flying House 19. aPhilippines :bCBN Asia,c1982. aChildren's bible stories aTitles: The Preparation, Betrayed